Central Library OPAC University of Rajshahi

The measurement of adult intelligence / (Record no. 31542)

MARC details
000 -LEADER
fixed length control field 00824cam a22002651 4500
001 - CONTROL NUMBER
control field 31542
003 - CONTROL NUMBER IDENTIFIER
rucl marc code BD-RjUL
005 - DATE AND TIME OF LATEST TRANSACTION
control field 20211209051720.0
008 - FIXED-LENGTH DATA ELEMENTS--GENERAL INFORMATION
fixed length control field 140420r19461944mdua b 001 0 eng d
035 ## - SYSTEM CONTROL NUMBER
System control number (BD-RjUL) 31630
040 ## - CATALOGING SOURCE
Original cataloging agency DLC
Transcribing agency DLC
Modifying agency DLC
-- BD-RjUL
Language of cataloging eng
041 ## - LANGUAGE CODE
Language code of text/sound track or separate title eng
082 00 - DEWEY DECIMAL CLASSIFICATION NUMBER
Classification number 151.2
Author mark and year WEM 1946
100 1# - MAIN ENTRY--PERSONAL NAME
Personal name Wechsler, David,
Dates associated with a name 1896-
9 (RLIN) 96007
245 14 - TITLE STATEMENT
Title The measurement of adult intelligence /
Statement of responsibility, etc. by David Wechsler ...
250 ## - EDITION STATEMENT
Edition statement 3d ed.
260 ## - PUBLICATION, DISTRIBUTION, ETC. (IMPRINT)
Place of publication, distribution, etc. Baltimore :
Name of publisher, distributor, etc. The Williams & Wilkins company,
Date of publication, distribution, etc. 1944 [Reprinted 1946]
300 ## - PHYSICAL DESCRIPTION
Pagination vii, 258 p. :
Illustrations ill. ;
Size 24 cm.
500 ## - GENERAL NOTE
General note "First edition, April, 1939."
504 ## - BIBLIOGRAPHY, ETC. NOTE
Bibliography, etc Bibliography: p. 214-215. and Index
650 #0 - SUBJECT ADDED ENTRY--TOPICAL TERM
Topical term or geographic name as entry element Wechsler Adult Intelligence Scale.
9 (RLIN) 93393
942 ## - ADDED ENTRY ELEMENTS (KOHA)
Source of classification or shelving scheme Dewey Decimal Classification
Koha item type Books
Holdings
Lost status Source of classification or shelving scheme Damaged status Not for loan Collection code Permanent Location Current Location Shelving location Date acquired Source of acquisition Total Checkouts Full call number Date last seen Copy number Koha item type
  Dewey Decimal Classification   Not For Loan Non-fiction Central Library, University of Rajshahi Central Library, University of Rajshahi Reading Room 18/02/1958 U. S. I .S. Dhaka Gift   151.2 WEM 1946 20/04/2014 C-1 Books